[Event "Hessenliga 1921"]
[Site "Hessen"]
[Date "2019.09.22"]
[Round "1.7"]
[White "Debortoli, Roberto"]
[Black "Kettler, Bernhard"]
[Result "1/2-1/2"]
[WhiteElo "2020"]
[BlackElo "2240"]
[PlyCount "35"]
[EventDate "2019.09.22"]
[EventType "team-tourn"]
[EventRounds "9"]
[EventCountry "GER"]
[SourceTitle "EXT 2024"]
[Source "ChessBase"]
[SourceDate "2023.10.10"]
[SourceVersion "1"]
[SourceVersionDate "2023.10.10"]
[SourceQuality "1"]
[WhiteTeam "Griesheim II"]
[BlackTeam "Frankfurt Bvk"]
[WhiteTeamCountry "GER"]
[BlackTeamCountry "GER"]

1. e4 c6 2. Nc3 d5 3. Nf3 Bg4 4. h3 Bxf3 5. Qxf3 e6 6. a3 Nf6 7. d3 Nbd7 8. g4 h6 9. Qg3 Qb6 10. Bg2 0-0-0 11. Bd2 dxe4 12. dxe4 Ne5 13. Qxe5 Bd6 14. Na4 Bxe5 15. Nxb6+ axb6 16. 0-0-0 g5 17. Rhf1 Nd7 18. Be3 1/2-1/2

[Event "Hessenliga 1718"]
[Site "Hessen"]
[Date "2018.04.15"]
[Round "9.6"]
[White "Kettler, Bernhard"]
[Black "Sandten, Ulrich"]
[Result "1-0"]
[WhiteElo "2240"]
[BlackElo "2068"]
[PlyCount "93"]
[EventDate "2017.09.17"]
[EventType "team-tourn"]
[EventRounds "9"]
[EventCountry "GER"]
[SourceTitle "CBM 189 Extra"]
[Source "ChessBase"]
[SourceDate "2019.06.03"]
[SourceVersion "1"]
[SourceVersionDate "2019.06.03"]
[SourceQuality "1"]
[WhiteTeam "Frankfurt BvK"]
[BlackTeam "Offenbach"]
[WhiteTeamCountry "GER"]
[BlackTeamCountry "GER"]

1. Nf3 Nf6 2. g3 e6 3. Bg2 d5 4. 0-0 Be7 5. d3 0-0 6. Nbd2 c5 7. Re1 Nc6 8. e4 b5 9. a4 bxa4 10. Rxa4 Nb4 11. exd5 exd5 12. Ne5 Qc7 13. c3 Na6 14. Ndf3 Nb8 15. Nh4 Be6 16. Qf3 Bd6 17. Nc4 Bg4 18. Qe3 Re8 19. Qd2 Nbd7 20. Ne3 Be6 21. Qd1 Nb6 22. Ra6 Bc8 23. Ra1 Bb7 24. Nef5 Rxe1+ 25. Qxe1 Bf8 26. Bf4 Qd7 27. Bh3 Qb5 28. Qd2 Ba6 29. Bf1 Bb7 30. Be5 Nbd7 31. Bxf6 Nxf6 32. Bg2 a5 33. Qg5 Qe8 34. Ne3 h6 35. Qf4 Qe6 36. Nhf5 g5 37. Qc7 Qc6 38. Qxc6 Bxc6 39. c4 Rb8 40. cxd5 Bd7 41. Rxa5 Rxb2 42. h3 Rd2 43. Ra6 Ne8 44. Be4 h5 45. Kg2 Bg7 46. Ra8 Be5 47. Nc4 1-0

[Event "Oberliga Ost-B 0708"]
[Site "Germany"]
[Date "2008.01.20"]
[Round "7.7"]
[White "Kettler, Bernhard"]
[Black "Rapoport, Vladimir"]
[Result "1/2-1/2"]
[WhiteElo "2249"]
[BlackElo "2271"]
[PlyCount "44"]
[EventDate "2007.10.07"]
[EventType "team-tourn"]
[EventRounds "11"]
[EventCountry "GER"]
[SourceTitle "EXT 2009"]
[Source "ChessBase"]
[SourceDate "2008.11.26"]
[SourceVersion "1"]
[SourceVersionDate "2008.11.26"]
[SourceQuality "1"]
[WhiteTeam "Frankfurt BvK"]
[BlackTeam "Oberursel"]
[WhiteTeamCountry "GER"]
[BlackTeamCountry "GER"]

1. e4 c5 2. Nf3 a6 3. c4 d6 4. d4 Bg4 5. dxc5 Bxf3 6. Qxf3 dxc5 7. Qb3 Qd7 8. Be3 e6 9. Nc3 Nc6 10. Qa4 Rd8 11. Rd1 Qc7 12. Rxd8+ Qxd8 13. Be2 Nf6 14. 0-0 Be7 15. e5 Nd7 16. f4 0-0 17. Qd1 Nd4 18. Bd3 f5 19. exf6 Nxf6 20. Ne4 b6 21. Kh1 Nf5 22. Bc1 Nxe4 1/2-1/2

[Event "Oberliga Ost-B 0708"]
[Site "Germany"]
[Date "2007.11.25"]
[Round "4.7"]
[White "Buckan, Jens"]
[Black "Kettler, Bernhard"]
[Result "1/2-1/2"]
[WhiteElo "2102"]
[BlackElo "2249"]
[PlyCount "81"]
[EventDate "2007.10.07"]
[EventType "team-tourn"]
[EventRounds "11"]
[EventCountry "GER"]
[SourceTitle "EXT 2009"]
[Source "ChessBase"]
[SourceDate "2008.11.26"]
[SourceVersion "1"]
[SourceVersionDate "2008.11.26"]
[SourceQuality "1"]
[WhiteTeam "Erfurt Empor"]
[BlackTeam "Frankfurt BvK"]
[WhiteTeamCountry "GER"]
[BlackTeamCountry "GER"]

1. e4 c5 2. Ne2 Nc6 3. Nbc3 e6 4. g3 g6 5. Bg2 Bg7 6. d3 Nge7 7. Be3 Nd4 8. Qd2 0-0 9. 0-0 Rb8 10. Nd1 d5 11. Nxd4 cxd4 12. Bh6 Bxh6 13. Qxh6 dxe4 14. dxe4 Bd7 15. Qd2 Qb6 16. c4 a5 17. b3 Rbd8 18. Nb2 Nc6 19. Rad1 f6 20. Nd3 e5 21. Rb1 Nb4 22. Nc1 Be6 23. a3 Na6 24. Qc2 Qd6 25. Nd3 Qxa3 26. Ra1 Qd6 27. Rxa5 Nb4 28. Nxb4 Qxb4 29. Rb5 Qe7 30. Ra1 Ra8 31. Qb1 Rfd8 32. Rxa8 Rxa8 33. Bf1 Qc7 34. b4 Ra3 35. Qb2 Rc3 36. Rc5 Qd7 37. Qa1 b6 38. Rb5 Bxc4 39. Bxc4+ Rxc4 40. Rxb6 Rc8 41. Qa2+ 1/2-1/2

[Event "Oberliga Ost-B 0607"]
[Site "Germany"]
[Date "2007.04.22"]
[Round "11.3"]
[White "Kettler, Bernhard"]
[Black "Koller, Jens"]
[Result "1-0"]
[WhiteElo "2278"]
[BlackElo "2264"]
[PlyCount "35"]
[EventDate "2006.10.15"]
[EventType "team-tourn"]
[EventRounds "11"]
[EventCountry "GER"]
[SourceTitle "EXT 2008"]
[Source "ChessBase"]
[SourceDate "2007.11.25"]
[SourceVersion "1"]
[SourceVersionDate "2007.11.25"]
[SourceQuality "1"]
[WhiteTeam "Frankfurt BvK"]
[BlackTeam "Oberursel"]
[WhiteTeamCountry "GER"]
[BlackTeamCountry "GER"]

1. e4 c5 2. Nf3 e6 3. d4 cxd4 4. Nxd4 Nc6 5. Nc3 a6 6. g3 Nge7 7. Bg2 Nxd4 8. Qxd4 Nc6 9. Qd1 Bc5 10. 0-0 0-0 11. Bf4 e5 12. Be3 Bxe3 13. fxe3 Qg5 14. Nd5 d6 15. Kh1 Bg4 16. Qd3 Rac8 17. a3 Ne7 18. h4 1-0

[Event "Oberliga Ost-B 0607"]
[Site "Germany"]
[Date "2007.04.21"]
[Round "10.3"]
[White "Tischendorf, Michael"]
[Black "Kettler, Bernhard"]
[Result "1-0"]
[WhiteElo "2165"]
[BlackElo "2278"]
[PlyCount "67"]
[EventDate "2006.10.15"]
[EventType "team-tourn"]
[EventRounds "11"]
[EventCountry "GER"]
[SourceTitle "EXT 2008"]
[Source "ChessBase"]
[SourceDate "2007.11.25"]
[SourceVersion "1"]
[SourceVersionDate "2007.11.25"]
[SourceQuality "1"]
[WhiteTeam "Hofheim II"]
[BlackTeam "Frankfurt BvK"]
[WhiteTeamCountry "GER"]
[BlackTeamCountry "GER"]

1. e4 d6 2. Nc3 g6 3. f4 c5 4. Nf3 Bg7 5. Bc4 Nc6 6. 0-0 e6 7. d3 Nge7 8. Qe1 0-0 9. f5 d5 10. Bb3 d4 11. Ne2 exf5 12. Qh4 Qd6 13. Bf4 Ne5 14. Ng3 fxe4 15. Nxe4 Nf5 16. Nxe5 Qxe5 17. Bxe5 Nxh4 18. Bd6 Bd7 19. Bxf8 Rxf8 20. Nxc5 Bc6 21. Ne4 Bh6 22. Bd5 Bxd5 23. Nf6+ Kg7 24. Nxd5 Rd8 25. Nf4 Nf5 26. g3 Rc8 27. Rac1 Ne3 28. Rf3 g5 29. Ng2 Nd5 30. Rcf1 f6 31. g4 Kg6 32. Rf5 Rd8 33. h4 Bf8 34. hxg5 1-0

[Event "Oberliga Ost-B 0607"]
[Site "Germany"]
[Date "2007.02.24"]
[Round "6.5"]
[White "Baum, Bernd"]
[Black "Kettler, Bernhard"]
[Result "1/2-1/2"]
[WhiteElo "2179"]
[BlackElo "2278"]
[PlyCount "56"]
[EventDate "2006.10.15"]
[EventType "team-tourn"]
[EventRounds "11"]
[EventCountry "GER"]
[SourceTitle "EXT 2008"]
[Source "ChessBase"]
[SourceDate "2007.11.25"]
[SourceVersion "1"]
[SourceVersionDate "2007.11.25"]
[SourceQuality "1"]
[WhiteTeam "Erfurt SK II"]
[BlackTeam "Frankfurt BvK"]
[WhiteTeamCountry "GER"]
[BlackTeamCountry "GER"]

1. d4 e6 2. Nf3 Nf6 3. e3 d5 4. Bd3 Be7 5. 0-0 0-0 6. Nbd2 c5 7. b3 Nc6 8. Bb2 Qb6 9. a3 c4 10. Be2 Bd7 11. Qb1 cxb3 12. cxb3 Rfc8 13. Rc1 Nd8 14. Ne5 Bb5 15. Bd1 a5 16. Bc3 Nc6 17. b4 axb4 18. Nxc6 Rxc6 19. Bxb4 Bxb4 20. Qxb4 Qc7 21. Rxc6 Bxc6 22. Rc1 Qa5 23. Qxa5 Rxa5 24. Rc3 Kf8 25. f3 Ne8 26. Be2 Nd6 27. Kf2 Ke7 28. Bd3 Ra7 1/2-1/2

[Event "Oberliga Ost-B 0506"]
[Site "Germany"]
[Date "2006.03.12"]
[Round "9.5"]
[White "Rubel, Julian"]
[Black "Kettler, Bernhard"]
[Result "0-1"]
[WhiteElo "2076"]
[BlackElo "2283"]
[PlyCount "90"]
[EventDate "2005.11.13"]
[EventType "team-tourn"]
[EventRounds "11"]
[EventCountry "GER"]
[SourceTitle "EXT 2007"]
[Source "ChessBase"]
[SourceDate "2006.11.23"]
[SourceVersion "1"]
[SourceVersionDate "2006.11.23"]
[SourceQuality "1"]
[WhiteTeam "Steinbach"]
[BlackTeam "Frankfurt BvK"]
[WhiteTeamCountry "GER"]
[BlackTeamCountry "GER"]

1. d4 Nf6 2. Bg5 c5 3. Bxf6 gxf6 4. d5 Qb6 5. Qc1 d6 6. g3 Bf5 7. Nd2 Bh6 8. e3 Qa5 9. Bg2 Nd7 10. Ne2 Qa6 11. Nf4 Ne5 12. Bf1 Qa4 13. Nd3 Rc8 14. Nxe5 fxe5 15. b3 Qa5 16. c3 a6 17. a4 0-0 18. Nc4 Qd8 19. Qd1 Be4 20. Qg4+ Bg6 21. Bh3 f5 22. Qh4 Bg7 23. e4 fxe4 24. Bxc8 Qxc8 25. Qxe7 Qh3 26. Qe6+ Qxe6 27. dxe6 Rd8 28. Rd1 d5 29. 0-0 Kf8 30. f4 exf3 31. Rxf3+ Ke7 32. Na5 Kxe6 33. Nxb7 Rc8 34. Rfd3 Bxd3 35. Rxd3 e4 36. Re3 Ke5 37. Kf2 d4 38. Rxe4+ Kxe4 39. Nd6+ Kd3 40. Nxc8 dxc3 41. Nb6 c2 42. Nd5 Bd4+ 43. Kf3 c1Q 44. Nf4+ Kc2 45. Ne2 Qd1 0-1

[Event "Oberliga Ost-B 0506"]
[Site "Germany"]
[Date "2006.02.19"]
[Round "8.6"]
[White "Schaefer, Michael"]
[Black "Kettler, Bernhard"]
[Result "0-1"]
[WhiteElo "2246"]
[BlackElo "2283"]
[PlyCount "70"]
[EventDate "2005.11.13"]
[EventType "team-tourn"]
[EventRounds "11"]
[EventCountry "GER"]
[SourceTitle "EXT 2007"]
[Source "ChessBase"]
[SourceDate "2006.11.23"]
[SourceVersion "1"]
[SourceVersionDate "2006.11.23"]
[SourceQuality "1"]
[WhiteTeam "Moerlenbach"]
[BlackTeam "Frankfurt BvK"]
[WhiteTeamCountry "GER"]
[BlackTeamCountry "GER"]

1. d4 g6 2. c4 Bg7 3. Nf3 c5 4. e3 Nf6 5. Nc3 0-0 6. Be2 cxd4 7. exd4 d5 8. 0-0 Nc6 9. Re1 Bf5 10. Bf4 Rc8 11. c5 Ne4 12. Bb5 Bg4 13. Bxc6 Nxc3 14. bxc3 Rxc6 15. Rb1 Qd7 16. h3 Bxf3 17. Qxf3 b6 18. cxb6 axb6 19. Rb3 Rf6 20. Qg3 Rc8 21. Reb1 Qf5 22. Bg5 Re6 23. Rxb6 h6 24. Rb8 Rxb8 25. Qxb8+ Kh7 26. Be3 Rc6 27. Rb3 e5 28. Qb5 Qe6 29. a4 Rc4 30. a5 exd4 31. cxd4 Bxd4 32. a6 Qe5 33. g3 Qe4 34. Qd7 Rc1+ 35. Bxc1 Qe1+ 0-1

[Event "Oberliga Ost-B 0506"]
[Site "Germany"]
[Date "2005.11.26"]
[Round "2"]
[White "Kettler, Bernhard"]
[Black "Weise, Martin"]
[Result "1-0"]
[WhiteElo "2283"]
[BlackElo "2175"]
[PlyCount "81"]
[EventDate "2005.11.13"]
[EventType "team-tourn"]
[EventRounds "11"]
[EventCountry "GER"]
[SourceTitle "CBM 109 Extra"]
[Source "ChessBase"]
[SourceDate "2006.01.03"]
[SourceVersion "2"]
[SourceVersionDate "2006.01.03"]
[SourceQuality "1"]

1. e4 e6 2. d4 d5 3. Nc3 Bb4 4. e5 Ne7 5. Bd2 c5 6. a3 Bxc3 7. Bxc3 cxd4 8. Qxd4 Nbc6 9. Qg4 0-0 10. Nf3 Qc7 11. Bd3 Ng6 12. 0-0 f5 13. exf6 e5 14. f7+ Rxf7 15. Qh5 Rxf3 16. gxf3 Qf7 17. Rae1 d4 18. Bd2 Be6 19. f4 exf4 20. f3 Bc4 21. Re4 Bxd3 22. cxd3 Rf8 23. Qg4 Nce5 24. Qh5 Qf6 25. Kh1 Rd8 26. Bxf4 Nxd3 27. Bg5 Qf5 28. Qg4 Rf8 29. Qxf5 Rxf5 30. Rxd4 Nde5 31. Be3 Nc6 32. Rd7 Rb5 33. Rf2 Nge5 34. Rc7 Nc4 35. Bc1 Rd5 36. Rg2 g6 37. Bh6 Rh5 38. Re2 N4e5 39. Bg7 Rf5 40. f4 Nf7 41. Bc3 1-0

[Event "Rhein Main op 07th"]
[Site "Bad Homburg"]
[Date "2004.06.12"]
[Round "5.9"]
[White "Boelke, Thomas"]
[Black "Kettler, Bernhard"]
[Result "0-1"]
[WhiteElo "1974"]
[BlackElo "2168"]
[PlyCount "78"]
[EventDate "2004.06.09"]
[EventType "swiss"]
[EventRounds "7"]
[EventCountry "GER"]
[SourceTitle "CBM 100 Extra"]
[Source "ChessBase"]
[SourceDate "2004.07.06"]
[SourceVersion "2"]
[SourceVersionDate "2004.07.06"]
[SourceQuality "1"]

1. Nf3 Nf6 2. c4 g6 3. b4 Bg7 4. Bb2 0-0 5. g3 c6 6. Bg2 Qb6 7. Qb3 a5 8. bxa5 Qxa5 9. 0-0 d6 10. d4 Nbd7 11. Nc3 Nb6 12. e4 Nfd7 13. Rfd1 e5 14. Bf1 Re8 15. Ng5 Re7 16. dxe5 dxe5 17. c5 Nxc5 18. Rd8+ Bf8 19. Qd1 Nbd7 20. Rxf8+ Nxf8 21. Qd6 Rd7 22. Qxe5 Nd3 23. Qxa5 Rxa5 24. Bxd3 Rxd3 25. e5 f6 26. Nge4 fxe5 27. f4 exf4 28. Nf6+ Kf7 29. Nce4 fxg3 30. hxg3 Rb5 31. Bc3 h6 32. Rf1 Rf5 33. Bb4 Rxf1+ 34. Kxf1 Bf5 35. Ke2 Bxe4 36. Nxe4 Rd4 37. Bxf8 Rxe4+ 38. Kd3 Ra4 39. Bxh6 Rxa2 0-1

[Event "Rhein Main op 07th"]
[Site "Bad Homburg"]
[Date "2004.06.11"]
[Round "4.5"]
[White "Kettler, Bernhard"]
[Black "Solonar, Stefan"]
[Result "0-1"]
[WhiteElo "2168"]
[BlackElo "2322"]
[PlyCount "102"]
[EventDate "2004.06.09"]
[EventType "swiss"]
[EventRounds "7"]
[EventCountry "GER"]
[SourceTitle "CBM 100 Extra"]
[Source "ChessBase"]
[SourceDate "2004.07.06"]
[SourceVersion "2"]
[SourceVersionDate "2004.07.06"]
[SourceQuality "1"]

1. e4 c5 2. Nf3 Nc6 3. Nc3 e5 4. Bc4 Be7 5. Nd5 Nf6 6. 0-0 d6 7. d3 Nxd5 8. Bxd5 0-0 9. h3 Kh8 10. c3 f5 11. exf5 Bxf5 12. Qe2 Qe8 13. Kh1 Qg6 14. Ne1 Bg5 15. Bxg5 Qxg5 16. Rd1 Rf6 17. Nf3 Qh5 18. Nd4 Qh6 19. Nxf5 Rxf5 20. Qe3 Rf4 21. Kg1 Raf8 22. Bxc6 bxc6 23. d4 cxd4 24. cxd4 e4 25. Rde1 d5 26. Re2 Qg6 27. Kh2 Qd6 28. Kh1 Qd7 29. Kg1 Qf5 30. Rc1 Rf6 31. Rc3 h6 32. Qd2 Rg6 33. Kh2 Qf7 34. Rg3 Rxg3 35. Kxg3 Rf6 36. Kh2 c5 37. Kg1 c4 38. b3 Rc6 39. bxc4 Rxc4 40. Re1 Qc7 41. Rb1 Kh7 42. g3 Rc2 43. Qd1 Rxa2 44. Qh5 Qd7 45. Qe5 Qf7 46. Rf1 a5 47. Qb8 Rd2 48. Qb5 Rxd4 49. Qxa5 Qf3 50. Re1 Rd3 51. Qc5 e3 0-1

[Event "Frankfurt-ch"]
[Site "Frankfurt"]
[Date "2004.06.07"]
[Round "6"]
[White "Kettler, Bernhard"]
[Black "Reschke, Stefan"]
[Result "1/2-1/2"]
[WhiteElo "2263"]
[BlackElo "2362"]
[PlyCount "44"]
[EventDate "2004.05.02"]
[EventType "swiss"]
[EventRounds "7"]
[EventCountry "GER"]
[SourceTitle "EXT 2005"]
[Source "ChessBase"]
[SourceDate "2004.11.15"]
[SourceVersion "1"]
[SourceVersionDate "2004.11.15"]
[SourceQuality "1"]

1. e4 c5 2. Nf3 Nc6 3. d4 cxd4 4. Nxd4 g6 5. c4 Bg7 6. Be3 d6 7. Nc3 Nf6 8. f3 0-0 9. Qd2 Bd7 10. Be2 Nh5 11. 0-0 Rc8 12. Nxc6 bxc6 13. c5 Be6 14. Rfd1 dxc5 15. Bxc5 Qc7 16. Qe3 Be5 17. g3 Bxg3 18. hxg3 Qxg3+ 19. Kh1 Qh4+ 20. Kg1 Qg3+ 21. Kh1 Qh3+ 22. Kg1 Qg3+ 1/2-1/2

[Event "Fechenheim CC-ch 0304 5th"]
[Site "Frankfurt Fechenheim"]
[Date "2003.10.17"]
[Round "1"]
[White "Kettler, Bernhard"]
[Black "Benninger, Rudolf"]
[Result "1/2-1/2"]
[WhiteElo "2257"]
[BlackElo "2186"]
[PlyCount "49"]
[EventDate "2003.10.17"]
[EventType "swiss"]
[EventRounds "7"]
[EventCountry "GER"]
[SourceTitle "EXT 2010"]
[Source "ChessBase"]
[SourceDate "2010.11.25"]
[SourceVersion "1"]
[SourceVersionDate "2010.11.25"]
[SourceQuality "1"]

1. e4 g6 2. d4 Bg7 3. Nc3 c5 4. Nf3 Qa5 5. Be2 Nc6 6. d5 Nd4 7. 0-0 Nxe2+ 8. Qxe2 d6 9. e5 dxe5 10. Nxe5 Nf6 11. d6 0-0 12. Rd1 Be6 13. Bg5 exd6 14. Rxd6 Rfe8 15. Re1 h6 16. Bd2 Rad8 17. Nd5 Qxa2 18. Ne7+ Kh7 19. Rxd8 Rxd8 20. Bc3 Nd5 21. Nxd5 Qxd5 22. h4 h5 23. Qe3 Bxe5 24. Qxe5 Qxe5 25. Rxe5 1/2-1/2

[Event "Fechenheim CC-ch 9900 1st"]
[Site "Frankfurt Fechenheim"]
[Date "1999.11.12"]
[Round "2"]
[White "Kettler, Bernhard"]
[Black "Kiesling, Hans"]
[Result "1-0"]
[WhiteElo "2142"]
[BlackElo "1566"]
[PlyCount "107"]
[EventDate "1999.10.01"]
[EventType "swiss"]
[EventRounds "7"]
[EventCountry "GER"]
[SourceTitle "EXT 2010"]
[Source "ChessBase"]
[SourceDate "2010.11.25"]
[SourceVersion "1"]
[SourceVersionDate "2010.11.25"]
[SourceQuality "1"]

1. d4 d5 2. c4 c6 3. Nf3 Nf6 4. Nc3 e6 5. Bg5 Be7 6. e3 Nbd7 7. Rc1 b6 8. cxd5 Nxd5 9. Bxe7 Qxe7 10. Bd3 Bb7 11. 0-0 0-0 12. Nxd5 exd5 13. Bf5 Rfd8 14. Qa4 g6 15. Bxd7 Rxd7 16. Rc3 f6 17. Rfc1 Kg7 18. Ne1 b5 19. Qa5 Qd8 20. Qxd8 Raxd8 21. Ra3 a6 22. Nd3 Rc7 23. Kf1 Kf7 24. Ke2 Ra8 25. Ra5 Ke7 26. Kd2 Kd6 27. Kc3 Bc8 28. Kb4 Bf5 29. Nc5 Rca7 30. Nb3 Bd7 31. Ra3 Rb8 32. Na5 Rc8 33. Rac3 Be8 34. Nb3 Bd7 35. Ka5 Rb8 36. Kb4 Rc8 37. a3 Rca8 38. Na5 Rc8 39. Rc5 Rac7 40. Nb3 Ra7 41. Ka5 Rb8 42. Na1 Rc7 43. Nc2 Ra8 44. Nb4 g5 45. Nxd5 cxd5 46. Rxc7 h5 47. Rb7 f5 48. Rb6+ Ke7 49. Rh6 Be8 50. Rc7+ Kd8 51. Rg7 g4 52. Kb6 a5 53. Kb7 Rc8 54. Rd6+ 1-0

[Event "Fechenheim CC-ch 9900 1st"]
[Site "Frankfurt Fechenheim"]
[Date "1999.10.01"]
[Round "1"]
[White "Traut, Stefan"]
[Black "Kettler, Bernhard"]
[Result "1-0"]
[WhiteElo "1740"]
[BlackElo "2142"]
[PlyCount "61"]
[EventDate "1999.10.01"]
[EventType "swiss"]
[EventRounds "7"]
[EventCountry "GER"]
[SourceTitle "EXT 2010"]
[Source "ChessBase"]
[SourceDate "2010.11.25"]
[SourceVersion "1"]
[SourceVersionDate "2010.11.25"]
[SourceQuality "1"]

1. d4 Nf6 2. Nf3 c5 3. d5 b5 4. c4 d6 5. Nbd2 g6 6. e4 Bg7 7. Qc2 0-0 8. Be2 bxc4 9. Bxc4 Nbd7 10. 0-0 Nb6 11. Bd3 Nfd7 12. Rb1 e6 13. dxe6 fxe6 14. b4 Bb7 15. Ba3 Rc8 16. Qb3 Qe7 17. Rfc1 c4 18. Nxc4 Rxc4 19. Rxc4 Rxf3 20. gxf3 Ne5 21. Be2 Qg5+ 22. Kh1 Nbxc4 23. Bxc4 Qf4 24. Bc1 Qh4 25. Bxe6+ Kh8 26. Bd5 Ng4 27. fxg4 Be5 28. f4 Qf2 29. Qg3 Qe2 30. Bb2 Bxd5 31. exd5 1-0

[Event "Rhein Main op 02nd"]
[Site "Frankfurt"]
[Date "1999.06.05"]
[Round "6"]
[White "Kettler, Bernhard"]
[Black "Mueller, Achim"]
[Result "0-1"]
[WhiteElo "2295"]
[BlackElo "2185"]
[PlyCount "76"]
[EventDate "1999.06.??"]
[EventType "swiss"]
[EventRounds "7"]
[EventCountry "GER"]
[SourceTitle "EXT 2000"]
[Source "ChessBase"]
[SourceDate "1999.11.16"]
[SourceVersion "1"]
[SourceVersionDate "1999.11.16"]
[SourceQuality "1"]

1. e4 g6 2. d4 Bg7 3. Nc3 a6 4. Nf3 b5 5. a4 b4 6. Nd5 a5 7. Bg5 c6 8. Ne3 Ba6 9. Bxa6 Nxa6 10. Qd3 Nc7 11. 0-0 Nf6 12. Ne5 0-0 13. Bh4 Ne6 14. f4 Qc7 15. c3 Rab8 16. f5 Nc5 17. dxc5 Qxe5 18. Nc4 Qxe4 19. Qxe4 Nxe4 20. Bxe7 bxc3 21. f6 cxb2 22. Rab1 Rfe8 23. Rf4 Nc3 24. Rff1 Nxb1 25. Rxb1 Bf8 26. Nb6 Bxe7 27. fxe7 Rxe7 28. Rxb2 Re4 29. Rd2 Rb7 30. Nxd7 Rxa4 31. Ne5 Ra1+ 32. Kf2 a4 33. Nxc6 a3 34. Rd8+ Kg7 35. Nd4 Rb2+ 36. Kg3 a2 37. c6 Rc1 38. c7 Rxc7 0-1

[Event "Hessenliga"]
[Site "Germany"]
[Date "1995.??.??"]
[Round "?"]
[White "Freitag, Roland"]
[Black "Kettler, Bernhard"]
[Result "0-1"]
[WhiteElo "2200"]
[BlackElo "2295"]
[PlyCount "96"]
[EventDate "1995.??.??"]
[EventType "team"]
[EventRounds "11"]
[EventCountry "GER"]
[SourceTitle "GER"]
[Source "ChessBase"]
[SourceDate "1999.07.01"]
[SourceVersion "1"]
[SourceVersionDate "1999.07.01"]
[SourceQuality "1"]

1. e4 e5 2. Nf3 d6 3. d4 exd4 4. Nxd4 g6 5. Nc3 Bg7 6. Be3 Nf6 7. f3 0-0 8. Qd2 Nc6 9. Be2 Re8 10. a3 a6 11. Nb3 Be6 12. Rd1 Ne5 13. 0-0 b5 14. Bg5 Qb8 15. Nd5 Bxd5 16. Bxf6 Bxf6 17. Qxd5 Qb6+ 18. Kh1 Kg7 19. c3 Rab8 20. Rd2 a5 21. f4 c6 22. Qd4 Nc4 23. Qxb6 Rxb6 24. Bxc4 bxc4 25. Nxa5 Rxe4 26. Rxd6 Rxb2 27. Rxc6 Ree2 28. Nxc4 Rbc2 29. Rg1 Rxc3 30. Ne5 Rxa3 31. Nf3 Raa2 32. Rc4 Rab2 33. h3 Bd8 34. Nd4 Re4 35. Rgc1 Bb6 36. Nf3 Ree2 37. Ne1 Ba5 38. Nf3 Rxg2 39. Rf1 Bb6 40. Rc6 Rge2 41. Rc4 Kh6 42. Rc6 f5 43. Rc4 Kh5 44. Rc6 h6 45. Rd6 Be3 46. Rd8 Rg2 47. Rd3 Bxf4 48. Rd4 g5 0-1

[Event "Hessenliga"]
[Site "Germany"]
[Date "1995.??.??"]
[Round "?"]
[White "Meier, Wolfgang"]
[Black "Kettler, Bernhard"]
[Result "1/2-1/2"]
[WhiteElo "2140"]
[BlackElo "2295"]
[PlyCount "105"]
[EventDate "1995.??.??"]
[EventType "team"]
[EventRounds "11"]
[EventCountry "GER"]
[SourceTitle "GER"]
[Source "ChessBase"]
[SourceDate "1999.07.01"]
[SourceVersion "1"]
[SourceVersionDate "1999.07.01"]
[SourceQuality "1"]

1. e4 d6 2. d4 Nf6 3. Nc3 Nbd7 4. Be3 e5 5. Be2 Be7 6. Qd2 0-0 7. h3 c6 8. Nf3 b5 9. a3 a6 10. 0-0 Qc7 11. Rad1 Re8 12. dxe5 dxe5 13. Nh2 Nc5 14. Bf3 a5 15. Ng4 Nfd7 16. Rfe1 Ne6 17. Ne2 Nb6 18. Bxb6 Qxb6 19. Nxe5 Ng5 20. Qc3 c5 21. Qe3 Bf6 22. Nd7 Bxd7 23. Rxd7 Nxf3+ 24. Qxf3 Qe6 25. Red1 Qxe4 26. Qxe4 Rxe4 27. Ng3 Rc4 28. R1d2 Re8 29. b3 Rd4 30. R2xd4 Bxd4 31. Kf1 g6 32. Rb7 b4 33. axb4 cxb4 34. Ne2 Be5 35. Rb5 Rd8 36. Ke1 Bc7 37. Rc5 Bb6 38. Rc6 Rb8 39. Nf4 Re8+ 40. Kf1 Bd8 41. Rc8 Kf8 42. Nd5 Bg5 43. Rxe8+ Kxe8 44. Ke2 Kd7 45. Kd3 Kc6 46. Kc4 h5 47. g4 hxg4 48. hxg4 f5 49. f4 Bd8 50. g5 Kd6 51. Kd4 Kc6 52. Kc4 Kd6 53. Kd4 1/2-1/2

[Event "Hessenliga 9495"]
[Site "Germany"]
[Date "1994.??.??"]
[Round "?"]
[White "Wege, Jochen"]
[Black "Kettler, Bernhard"]
[Result "1-0"]
[WhiteElo "2240"]
[BlackElo "2295"]
[PlyCount "71"]
[EventDate "1994.??.??"]
[EventType "team"]
[EventRounds "11"]
[EventCountry "GER"]
[SourceTitle "GER"]
[Source "ChessBase"]
[SourceDate "1999.07.01"]
[SourceVersion "1"]
[SourceVersionDate "1999.07.01"]
[SourceQuality "1"]

1. e4 Nf6 2. e5 Nd5 3. d4 d6 4. exd6 cxd6 5. c4 Nb6 6. Nc3 g6 7. h3 Bg7 8. Nf3 0-0 9. Be3 Bf5 10. Be2 Nc6 11. 0-0 d5 12. b3 dxc4 13. bxc4 Na5 14. c5 Nd5 15. Nxd5 Qxd5 16. Qa4 b6 17. Rac1 Rad8 18. Rfd1 Be4 19. Rd2 Nc6 20. Rcd1 e6 21. Ng5 Bxg2 22. Bc4 Qf5 23. Kxg2 Nxd4 24. cxb6 axb6 25. Bd3 Qf6 26. Be4 Nf5 27. Bxf5 Rxd2 28. Rxd2 gxf5 29. f4 Qg6 30. Kh2 e5 31. Qb4 Qh5 32. Rf2 e4 33. Rg2 h6 34. Bd4 hxg5 35. Bxg7 g4 36. Qxf8+ 1-0